00377nam a2200121Ia 4500082001200000100001800012245008900030260002800119300001000147650003900157650002300196650003600219 aTR.0079 aRay, Karen A. 0aAbolition of indentured emigration and the politics of Indian Nationalism, 1894-1917 c1980bMcGill University a392p. aINDIA - EMIGRATION AND IMMIGRATION aINDENTURED SAVANTS aNATIONALISM - INDIA - 1894-1917